Manual de inspección y revisión de sistemas fotovoltáicos
Saved in:
| Corporate Author: | |
|---|---|
| Format: | Book |
| Language: | Spanish |
| Published: |
Santiago
Comisión Nacional de Riego
2018
|
| Edition: | 1a. ed |
| Subjects: | |
| Tags: |
Add Tag
No Tags, Be the first to tag this record!
|
MARC
| LEADER | 00000cam a2200000 a 4500 | ||
|---|---|---|---|
| 001 | UCC9238 | ||
| 003 | CL-VaPUC | ||
| 008 | 190914e20180000cl |||||||||||||||||spa|d | ||
| 082 | 0 | 4 | |a 629.89 |b COM |2 21 |
| 110 | 2 | |a Comisión Nacional de Riego |e author |9 604199 | |
| 245 | 1 | 0 | |a Manual de inspección y revisión de sistemas fotovoltáicos |
| 250 | |a 1a. ed | ||
| 300 | |a 147 p | ||
| 942 | |c BK | ||
| 945 | |d 20190914 23:07:00 |a dcastane | ||
| 260 | |a Santiago |b Comisión Nacional de Riego |c 2018 | ||
| 650 | 7 | |a SISTEMAS FOTOVOLTAICOS |2 CL-VaPUC |9 604200 | |
| 650 | 7 | |a PANELES SOLARES |2 CL-VaPUC |9 604201 | |
| 583 | |a last modification |c 20190914 23:07:00 |k Rodrigo Vera | ||
| 999 | |c 375431 |d 375429 | ||
| 952 | |0 0 |1 0 |3 erb |4 0 |6 629_890000000000000_COM_2018 |7 0 |8 A |9 494393 |a BIBAGR |b BIBAGR |i 5600227 |o 629.89 COM 2018 |p 5600227 |r 2025-01-20 |w 2019-11-24 |y BK |z Catalogado en:20190914 |k AGR | ||
| 952 | |0 0 |1 0 |3 erb |4 0 |6 629_890000000000000_COM_2018 |7 0 |8 A |9 494394 |a BIBAGR |b BIBAGR |i 5600219 |o 629.89 COM 2018 |p 5600219 |r 2025-01-20 |w 2019-11-24 |y BK |z Catalogado en:20190914 |k AGR | ||
| 952 | |0 0 |1 0 |3 erb |4 0 |6 629_890000000000000_COM_2018 |7 0 |8 A |9 494395 |a BIBAGR |b BIBAGR |i 5600200 |o 629.89 COM 2018 |p 5600200 |r 2025-01-20 |w 2019-11-24 |y BK |z Catalogado en:20190914 |k AGR | ||
| 952 | |0 0 |1 0 |3 erb |4 0 |6 629_890000000000000_COM_2018 |7 0 |8 A |9 494396 |a BIBAGR |b BIBAGR |i 5600197 |o 629.89 COM 2018 |p 5600197 |r 2025-01-20 |w 2019-11-24 |y BK |z Catalogado en:20190914 |k AGR | ||
| 952 | |0 0 |1 0 |3 erb |4 0 |6 629_890000000000000_COM_2018 |7 0 |8 A |9 494397 |a BIBAGR |b BIBAGR |i 5600189 |o 629.89 COM 2018 |p 5600189 |r 2025-01-20 |w 2019-11-24 |y BK |z Catalogado en:20190914 |k AGR | ||